Loading...
| Current Events | 1 | 0.00 | 0% | 0% | 0% |
| Fine Arts - Classical Music | 8 | 12.50 | 75% | 50% | 0% |
| Fine Arts - Other | 7 | 14.29 | 100% | 43% | 0% |
| Fine Arts - Painting and Sculpture | 7 | 11.43 | 100% | 14% | 0% |
| Geography | 1 | 10.00 | 100% | 0% | 0% |
| History - American | 7 | 22.86 | 100% | 100% | 29% |
| History - European | 8 | 21.25 | 100% | 75% | 38% |
| History - Other | 7 | 18.57 | 86% | 86% | 14% |
| History - World | 3 | 23.33 | 100% | 100% | 33% |
| Literature - American | 8 | 15.00 | 75% | 50% | 25% |
| Literature - British | 5 | 8.00 | 60% | 0% | 20% |
| Literature - European | 3 | 16.67 | 100% | 67% | 0% |
| Literature - World | 5 | 22.00 | 100% | 100% | 20% |
| Mythology | 6 | 20.00 | 100% | 83% | 17% |
| Other Academic | 2 | 10.00 | 100% | 0% | 0% |
| Philosophy | 4 | 17.50 | 100% | 50% | 25% |
| Pop Culture | 2 | 15.00 | 50% | 50% | 50% |
| Religion | 3 | 16.67 | 100% | 67% | 0% |
| Science - Biology | 7 | 17.14 | 86% | 57% | 29% |
| Science - Chemistry | 6 | 15.00 | 100% | 50% | 0% |
| Science - Other | 5 | 10.00 | 100% | 0% | 0% |
| Science - Physics | 8 | 13.75 | 75% | 50% | 13% |
| Social Science | 3 | 10.00 | 100% | 0% | 0% |